| 000 | 00399nam a22001457a 4500 | ||
|---|---|---|---|
| 020 | _a0421634707 | ||
| 082 | _a349.42 STY | ||
| 100 | _aStychin, Carl F. | ||
| 245 |
_aLegal Method Text and Materials / _cCarl F. Stychin |
||
| 260 |
_aLondon : _bSweet & Maxwell, _c1999. |
||
| 300 |
_a365 p. ; _c23 cm. |
||
| 942 |
_2ddc _cBK |
||
| 999 |
_c587066 _d587066 |
||